[Event "Groningen Festival 2019-A"]
[Site "Groningen"]
[Date "2019.12.29"]
[Round "8.8"]
[White "Kumar, Nikhil"]
[Black "Ulybin, Mikhail"]
[Result "0-1"]
[WhiteElo "2315"]
[BlackElo "2453"]
[Annotator "TA"]
[PlyCount "108"]
[EventDate "2019.12.15"]
[EventType "swiss"]
[EventCountry "NED"]
[SourceTitle "playchess.com"]
[Source "ChessBase"]
[SourceQuality "1"]

{[%evp 15,118,24,54,38,37,39,35,21,64,45,42,31,30,19,41,6,4,6,14,-19,0,0,0,-2,0,0,0,0,0,-33,0,18,18,0,0,-10,0,0,0,0,0,-58,0,0,0,0,153,132,356,382,366,0,0,0,0,0,0,0,0,0,0,-161,-139,-139,-139,-146,-115,-210,-199,-189,-183,-217,-206,-215,-206,-335,-323,-320,-293,-322,-318,-327,-308,-308,-294,-783,-783,-766,-662,-737,-599,-1229,-796,-775,-744,-727,-719,-719,-693,-12808,-4174,-29957,-9861,-29960,-12848]} 1. d4 e6 2. c4 f5 3. g3 Nf6 4. Bg2 d5 5. Nf3 Bd6 6. O-O c6 7. Qc2 O-O 8. Nc3 Bd7 9. Rb1 {A90: Dutch Defence: Miscellaneous and Modern Stonewall (with ...Bd6)} (9. Bg5 h6 10. Bf4 Bxf4 11. gxf4 Be8 12. c5 Nbd7 13. b4 Ne4 14. Ne5 Nxc3 15. Qxc3 Nxe5 16. dxe5 Kh8 {1-0 (60) Li,C (2720)-Agdestein,S (2602) Doha 2016}) 9... Be8 10. c5 Bc7 11. b4 {White is slightly better.} f4 12. Bxf4 $146 ({Predecessor:} 12. Rb3 Bg6 13. Qd1 Ne4 14. Ne5 Bxe5 15. dxe5 fxg3 16. hxg3 Nxc3 17. Rxc3 {1-0 (38) Lemos,D (2551)-Spata,G (2286) Buenos Aires 2010}) 12... Bxf4 13. gxf4 Bg6 14. Qb2 Bxb1 15. Qxb1 Nbd7 16. e3 Re8 17. Ne2 b6 18. Ng3 Rb8 19. Qc2 bxc5 20. bxc5 Qa5 21. Bh3 Rb4 22. Ne5 Qb5 (22... Nxe5 $15 23. fxe5 Nd7) 23. Nd3 $11 Rc4 24. Qe2 Rc3 25. Rd1 Qc4 26. Bf1 Rc2 27. Qf3 Qa4 28. Ne5 (28. Rb1 $11) 28... Rxa2 (28... Rb2 $1 $15) 29. Rb1 Ra1 30. Rb7 $1 Rd8 $2 (30... Re7 $1 $11) 31. Kg2 Rxf1 $2 (31... Qd1 $16 {was worth a try.}) 32. Nxf1 $18 Qa6 {[#]} 33. Rc7 $2 ({White has to play} 33. Qh3 $1 $18 {[%cal Rh3e6][%mdl 512]} Nf8 34. Rf7) 33... Nxe5 $11 34. fxe5 Rd7 $36 {[%mdl 2048] Black is pushing.} 35. Rxd7 Nxd7 36. Qg4 Nf8 37. Ng3 Qd3 38. Ne2 $2 (38. Qh5 $11 {and White is okay.}) 38... a5 $19 {[%cal Ba7a5,Ba5a4,Ba4a3][%mdl 32] ...a4 is the strong threat.} 39. Nf4 Qe4+ 40. Qf3 Qc2 41. Qe2 (41. Qh5 $17 {keeps fighting.}) 41... Qxe2 42. Nxe2 {[%mdl 4096] Endgame KN-KN} a4 43. Nc3 a3 44. Kf3 Kf7 45. Ke2 (45. e4 {is a better defense.}) 45... Kg6 46. Kd3 Kg5 47. Kc2 {[#]} Kg4 $1 48. Na2 {[#] aiming for Nb4.} Ng6 $1 49. Nb4 Ne7 50. Na6 $2 (50. Kb3 Kh3 51. Kxa3) 50... Kh3 51. Nc7 Kxh2 52. Nxe6 g6 53. Nf4 Kg1 54. f3 h5 {Played: Kg1-f2} 0-1

[Event "Groningen Festival 2019-A"]
[Site "Groningen"]
[Date "2019.12.29"]
[Round "8.9"]
[White "Hilverda, Alexander"]
[Black "Davtyan, Artur"]
[Result "0-1"]
[WhiteElo "2294"]
[BlackElo "2437"]
[Annotator "NA"]
[PlyCount "46"]
[EventDate "2019.12.15"]
[EventType "swiss"]
[EventCountry "NED"]
[SourceTitle "playchess.com"]
[Source "ChessBase"]
[SourceQuality "1"]
[TimeControl "40/5400+30:1800+30"]

1. d4 {[%emt 0:07:43]} d5 {[%emt 0:07:38]} 2. c4 {[%emt 0:00:00]} c6 {[%emt 0:00:25]} 3. Nf3 {[%emt 0:00:00]} Nf6 {[%emt 0:00:16]} 4. Nc3 {[%emt 0:00:00]} e6 {[%emt 0:00:09]} 5. g3 {[%emt 0:00:00]} dxc4 {[%emt 0:00:53]} 6. Bg2 {[%emt 0:00:00]} Nbd7 {[%emt 0:00:09]} 7. O-O {[%emt 0:00:00]} b5 {[%emt 0:00:13]} 8. e4 {[%emt 0:00:00]} b4 {[%emt 0:03:39]} 9. Na4 {[%emt 0:00:00]} Be7 {[%emt 0:00:53]} 10. Qc2 {[%emt 0:19:20]} Ba6 {[%emt 0:02:48]} 11. Re1 {[%emt 0:06:19]} O-O {[%emt 0:02:22]} 12. Bg5 {[%emt 0:02:26]} Bb5 {[%emt 0:09:19]} 13. Nc5 {[%emt 0:10:58]} Nxc5 {[%emt 0:08:45]} 14. dxc5 {[%emt 0:00:58]} Nd7 {[%emt 0:00:05]} 15. Red1 {[%emt 0:32:45]} Bxg5 {[%emt 0:00:56]} 16. Nxg5 {[%emt 0:03:01]} Qxg5 {[%emt 0:00:48]} 17. Rxd7 {[%emt 0:00:05]} Rad8 {[%emt 0:07:19]} 18. Rad1 {[%emt 0:00:21]} Rxd7 {[%emt 0:00:01]} 19. Rxd7 {[%emt 0:00:09]} Qxc5 {[%emt 0:00:02]} 20. Bf1 {[%emt 0:01:22]} g6 {[%emt 0:01:48]} 21. Rd1 {[%emt 0:01:48]} c3 {[%emt 0:00:51]} 22. bxc3 {[%emt 0:01:29]} bxc3 {[%emt 0:00:02]} 23. Rc1 {[%emt 0:01:26]} Rd8 {[%emt 0:00:15]} 0-1

[Event "Groningen Festival 2019-A"]
[Site "Groningen"]
[Date "2019.12.29"]
[Round "8.10"]
[White "Grutter, Tim"]
[Black "Danada, Tomas"]
[Result "1-0"]
[WhiteElo "2214"]
[BlackElo "2271"]
[Annotator "NA"]
[PlyCount "127"]
[EventDate "2019.12.15"]
[EventType "swiss"]
[EventCountry "NED"]
[SourceTitle "playchess.com"]
[Source "ChessBase"]
[SourceQuality "1"]
[TimeControl "40/5400+30:1800+30"]

1. e4 {[%emt 0:02:19]} c5 {[%emt 0:01:59]} 2. Nf3 {[%emt 0:00:00]} Nc6 {[%emt 0:00:33]} 3. d4 {[%emt 0:00:00]} cxd4 {[%emt 0:00:04]} 4. Nxd4 {[%emt 0:00:00]} Qb6 {[%emt 0:00:35]} 5. Nb3 {[%emt 0:01:04]} Nf6 {[%emt 0:00:09]} 6. Nc3 {[%emt 0:02:00]} e6 {[%emt 0:00:05]} 7. Be3 {[%emt 0:03:18]} Qc7 {[%emt 0:01:06]} 8. a3 {[%emt 0:07:21]} Be7 {[%emt 0:00:37]} 9. Be2 {[%emt 0:01:02]} O-O {[%emt 0:01:11]} 10. O-O {[%emt 0:00:59]} Rd8 {[%emt 0:00:42]} 11. f4 {[%emt 0:04:45]} d6 {[%emt 0:03:38]} 12. Qe1 {[%emt 0:02:42]} a6 {[%emt 0:01:29]} 13. Qf2 {[%emt 0:03:18]} Nd7 {[%emt 0:01:50]} 14. g4 {[%emt 0:02:26]} b5 {[%emt 0:03:57]} 15. g5 {[%emt 0:04:06]} Rb8 {[%emt 0:01:58]} 16. Qh4 {[%emt 0:09:35]} Nb6 {[%emt 0:02:50]} 17. Rf3 {[%emt 0:09:14]} d5 {[%emt 0:05:41]} 18. Rd1 {[%emt 0:04:28]} Na4 {[%emt 0:11:17]} 19. f5 {[%emt 0:06:51]} Nxc3 {[%emt 0:02:03]} 20. bxc3 {[%emt 0:00:16]} exf5 {[%emt 0:09:10]} 21. exd5 {[%emt 0:01:55]} Ne5 {[%emt 0:00:46]} 22. Rh3 {[%emt 0:01:39]} h6 {[%emt 0:00:20]} 23. Qg3 {[%emt 0:01:01]} hxg5 {[%emt 0:04:13]} 24. Bxg5 {[%emt 0:02:40]} Bxg5 {[%emt 0:04:56]} 25. Qxg5 {[%emt 0:00:07]} Rb6 {[%emt 0:00:51]} 26. Qf4 {[%emt 0:02:19]} Rg6+ {[%emt 0:01:56]} 27. Kf1 {[%emt 0:02:06]} Qb6 {[%emt 0:02:12]} 28. Rg3 {[%emt 0:06:17]} Ng4 {[%emt 0:02:24]} 29. h3 {[%emt 0:01:36]} Nf6 {[%emt 0:03:14]} 30. Rxg6 {[%emt 0:00:15]} fxg6 {[%emt 0:00:02]} 31. Bf3 {[%emt 0:00:34]} Bb7 {[%emt 0:00:15]} 32. c4 {[%emt 0:02:49]} bxc4 {[%emt 0:01:16]} 33. Qxc4 {[%emt 0:00:01]} Qd6 {[%emt 0:06:24]} 34. Qc5 {[%emt 0:03:04]} Qf4 {[%emt 0:03:08]} 35. Qf2 {[%emt 0:01:25]} Qc4+ {[%emt 0:06:11]} 36. Qe2 {[%emt 0:01:42]} Qh4 {[%emt 0:07:18]} 37. Qg2 {[%emt 0:02:36]} Ne4 {[%emt 0:06:01]} 38. c4 {[%emt 0:02:56]} Ng3+ {[%emt 0:02:14]} 39. Kg1 {[%emt 0:00:01]} Qxc4 {[%emt 0:00:13]} 40. Qxg3 {[%emt 0:02:19]} Qxb3 {[%emt 0:00:04]} 41. Kg2 {[%emt 0:32:23]} Qb2+ {[%emt 0:07:31]} 42. Qf2 {[%emt 0:00:00]} Qf6 {[%emt 0:03:07]} 43. Qd2 {[%emt 0:00:00]} f4 {[%emt 0:03:08]} 44. Kh2 {[%emt 0:00:00]} Kh7 {[%emt 0:04:25]} 45. Qd3 {[%emt 0:00:00]} Rd6 {[%emt 0:00:42]} 46. Be4 {[%emt 0:00:00]} Bc8 {[%emt 0:02:07]} 47. Qf3 {[%emt 0:00:00]} Kh6 {[%emt 0:05:37]} 48. Rd2 {[%emt 0:00:00]} g5 {[%emt 0:01:28]} 49. Kg2 {[%emt 0:00:00]} Bf5 {[%emt 0:01:00]} 50. Qd3 {[%emt 0:00:00]} g6 {[%emt 0:01:43]} 51. Rc2 {[%emt 0:00:24]} Qe5 {[%emt 0:01:21]} 52. Bxf5 {[%emt 0:00:09]} Rxd5 {[%emt 0:01:50]} 53. Qxa6 {[%emt 0:04:51]} f3+ {[%emt 0:00:33]} 54. Kf2 {[%emt 0:01:09]} Qh2+ {[%emt 0:01:12]} 55. Ke3 {[%emt 0:01:29]} Qf4+ {[%emt 0:02:59]} 56. Kf2 {[%emt 0:00:06]} Qd4+ {[%emt 0:00:31]} 57. Kf1 {[%emt 0:01:34]} Rxf5 {[%emt 0:01:03]} 58. Qc4 {[%emt 0:00:45]} Qd1+ {[%emt 0:00:29]} 59. Kf2 {[%emt 0:00:07]} Re5 {[%emt 0:02:08]} 60. h4 {[%emt 0:00:34]} Qh1 {[%emt 0:00:51]} 61. Kg3 {[%emt 0:02:27]} Qg1+ {[%emt 0:00:43]} 62. Kh3 {[%emt 0:00:46]} gxh4 {[%emt 0:00:49]} 63. Qf4+ {[%emt 0:00:18]} Rg5 {[%emt 0:00:02]} 64. Qf8+ {[%emt 0:00:10]} 1-0

[Event "Groningen Festival 2019-A"]
[Site "Groningen"]
[Date "2019.12.29"]
[Round "8.11"]
[White "Tiviakov, Sergei"]
[Black "Mollema, Thomas"]
[Result "1-0"]
[WhiteElo "2615"]
[BlackElo "2207"]
[Annotator "ChessBase"]
[PlyCount "65"]
[EventDate "2019.12.15"]
[EventType "swiss"]
[EventCountry "NED"]
[SourceTitle "playchess.com"]
[Source "ChessBase"]
[SourceQuality "1"]
[TimeControl "40/5400+30:1800+30"]

1. e4 {[%emt 0:00:46]} e5 {[%emt 0:00:00]} 2. Nf3 {[%emt 0:00:07]} Nf6 {[%emt 0:00:04]} 3. d3 {[%emt 0:01:16]} d6 {[%emt 0:04:37]} 4. g3 {[%emt 0:00:09]} g6 {[%emt 0:00:06]} 5. Bg2 {[%emt 0:00:06]} Bg7 {[%emt 0:00:03]} 6. O-O {[%emt 0:00:10]} O-O {[%emt 0:00:13]} 7. c3 {[%emt 0:00:03]} c6 {[%emt 0:02:15]} 8. Re1 {[%emt 0:00:21]} Re8 {[%emt 0:01:46]} 9. Nbd2 {[%emt 0:00:08]} Nbd7 {[%emt 0:05:06]} 10. b4 {[%emt 0:00:07]} Qc7 {[%emt 0:01:23]} 11. Nb3 {[%emt 0:00:06]} b6 {[%emt 0:00:25]} 12. Nfd2 {[%emt 0:05:38]} d5 {[%emt 0:03:59]} 13. a4 {[%emt 0:04:21]} a5 {[%emt 0:07:49]} 14. bxa5 {[%emt 0:00:49]} bxa5 {[%emt 0:02:43]} 15. Qc2 {[%emt 0:06:00]} Bb7 {[%emt 0:02:43]} 16. c4 {[%emt 0:01:49]} dxe4 {[%emt 0:01:57]} 17. dxe4 {[%emt 0:00:19]} c5 {[%emt 0:00:41]} 18. Nf1 {[%emt 0:00:24]} Nb8 {[%emt 0:05:59]} 19. Qc3 {[%emt 0:13:26]} Nfd7 {[%emt 0:15:06]} 20. Ne3 {[%emt 0:00:52]} Nc6 {[%emt 0:06:18]} 21. Nd5 {[%emt 0:00:05]} Qd8 {[%emt 0:00:05]} 22. Ba3 {[%emt 0:16:40]} Nb4 {[%emt 0:02:43]} 23. Bh3 {[%emt 0:00:12]} f5 {[%emt 0:04:37]} 24. Rad1 {[%emt 0:06:45]} Bc6 {[%emt 0:02:23]} 25. exf5 {[%emt 0:08:20]} Bxa4 {[%emt 0:00:31]} 26. Bxb4 {[%emt 0:04:25]} cxb4 {[%emt 0:02:27]} 27. Qe3 {[%emt 0:00:57]} Qb8 {[%emt 0:14:32]} 28. fxg6 {[%emt 0:01:31]} Nf8 {[%emt 0:00:18]} 29. Nb6 {[%emt 0:03:03]} Bxb3 {[%emt 0:00:49]} 30. Qxb3 {[%emt 0:00:09]} Ra7 {[%emt 0:00:33]} 31. c5+ {[%emt 0:00:18]} Kh8 {[%emt 0:00:04]} 32. gxh7 {[%emt 0:00:04]} e4 {[%emt 0:02:01]} 33. Qg8# 1-0

[Event "Groningen Festival 2019-A"]
[Site "Groningen"]
[Date "2019.12.29"]
[Round "8.12"]
[White "Maris, Ivo"]
[Black "Van Baar, Esper"]
[Result "1/2-1/2"]
[WhiteElo "2413"]
[BlackElo "2181"]
[Annotator "NA RC"]
[PlyCount "58"]
[EventDate "2019.12.15"]
[EventType "swiss"]
[EventCountry "NED"]
[SourceTitle "playchess.com"]
[Source "ChessBase"]
[SourceQuality "1"]
[TimeControl "40/5400+30:1800+30"]

1. Nf3 {[%emt 0:00:00]} d5 {[%emt 0:01:14]} 2. b3 {[%emt 0:00:58]} Nf6 {[%emt 0:01:43]} 3. Bb2 {[%emt 0:00:19]} Bg4 {[%emt 0:01:25]} 4. g3 {[%emt 0:01:58]} Bxf3 {[%emt 0:03:50]} 5. exf3 {[%emt 0:03:41]} e6 {[%emt 0:05:29]} 6. Bg2 {[%emt 0:00:35]} Bd6 {[%emt 0:02:53]} 7. O-O {[%emt 0:01:51]} O-O {[%emt 0:00:04]} 8. d4 {[%emt 0:01:24]} c6 {[%emt 0:06:31]} 9. Nd2 {[%emt 0:02:58]} Qe7 {[%emt 0:05:14]} 10. a4 {[%emt 0:02:40]} a5 {[%emt 0:02:14]} 11. f4 {[%emt 0:00:40]} Nbd7 {[%emt 0:01:17]} 12. Re1 {[%emt 0:01:13]} Qd8 {[%emt 0:01:00]} 13. Nf3 {[%emt 0:01:16]} b5 {[%emt 0:13:44]} 14. Ne5 {[%emt 0:01:36]} Qc7 {[%emt 0:02:25]} 15. Re3 {[%emt 0:02:46]} Rfb8 {[%emt 0:07:07]} 16. g4 {[%emt 0:02:29]} bxa4 {[%emt 0:03:18]} 17. g5 {[%emt 0:00:35]} Bxe5 {[%emt 0:02:28]} 18. fxe5 {[%emt 0:03:59]} Ne8 {[%emt 0:01:29]} 19. Ba3 {[%emt 0:17:10]} g6 {[%emt 0:08:49]} 20. bxa4 {[%emt 0:04:15]} Nb6 {[%emt 0:06:19]} 21. Bf1 {[%emt 0:00:38]} Qd8 {[%emt 0:00:33]} 22. Qg4 {[%emt 0:01:55]} Nxa4 {[%emt 0:03:25]} 23. Rh3 {[%emt 0:01:27]} Nb6 {[%emt 0:06:12]} 24. Rh6 {[%emt 0:08:38]} Ng7 {[%emt 0:00:36]} 25. Bd3 {[%emt 0:01:13]} Nd7 {[%emt 0:02:53]} 26. Qh4 {[%emt 0:01:19]} Nf8 {[%emt 0:02:11]} 27. Re1 {[%emt 0:05:04]} Rb4 {[%emt 0:01:29]} 28. Re3 {[%emt 0:00:59]} Rxd4 {[%emt 0:01:02]} 29. Qh3 {[%emt 0:12:12]} Qxg5+ {[%emt 0:01:01]} 1/2-1/2

[Event "Groningen Festival 2019-A"]
[Site "Groningen"]
[Date "2019.12.30"]
[Round "9.1"]
[White "Poetsch, Hagen"]
[Black "Vrolijk, Liam"]
[Result "1/2-1/2"]
[WhiteElo "2522"]
[BlackElo "2467"]
[Annotator "ChessBase"]
[PlyCount "49"]
[EventDate "2019.12.15"]
[EventType "swiss"]
[EventCountry "NED"]
[SourceTitle "playchess.com"]
[Source "ChessBase"]
[SourceQuality "1"]
[TimeControl "40/5400+30:1800+30"]

1. e4 {[%emt 0:00:00]} c5 {[%emt 0:00:08]} 2. Nf3 {[%emt 0:00:00]} d6 {[%emt 0:00:08]} 3. d4 {[%emt 0:00:00]} cxd4 {[%emt 0:00:06]} 4. Nxd4 {[%emt 0:00:00]} Nf6 {[%emt 0:00:09]} 5. Nc3 {[%emt 0:00:00]} a6 {[%emt 0:00:06]} 6. Bg5 {[%emt 0:00:16]} Nbd7 {[%emt 0:00:07]} 7. Qe2 {[%emt 0:00:14]} h6 {[%emt 0:00:17]} 8. Bh4 {[%emt 0:00:04]} g6 {[%emt 0:00:11]} 9. f4 {[%emt 0:00:26]} e5 {[%emt 0:00:20]} 10. fxe5 {[%emt 0:00:05]} dxe5 {[%emt 0:00:07]} 11. O-O-O {[%emt 0:00:59]} Qc7 {[%emt 0:01:08]} 12. Nb3 {[%emt 0:00:06]} b5 {[%emt 0:00:22]} 13. Rxd7 {[%emt 0:00:11]} Nxd7 {[%emt 0:00:08]} 14. Nd5 {[%emt 0:00:05]} Qb8 {[%emt 0:00:13]} 15. Na5 {[%emt 0:00:13]} Bg7 {[%emt 0:06:54]} 16. Qf3 {[%emt 0:00:34]} Bb7 {[%emt 0:21:09]} 17. Qa3 {[%emt 0:28:37]} Bf8 {[%emt 0:01:05]} 18. Qd3 {[%emt 0:07:28]} Bg7 {[%emt 0:14:53]} 19. Qa3 {[%emt 0:00:13]} Bf8 {[%emt 0:03:04]} 20. Qd3 {[%emt 0:00:21]} Bg7 {[%emt 0:00:15]} 21. Be2 {[%emt 0:13:41]} Ra7 {[%emt 0:33:10]} 22. Rd1 {[%emt 0:14:21]} Ba8 {[%emt 0:08:03]} 23. Bg4 {[%emt 0:08:40]} Kf8 {[%emt 0:01:25]} 24. Bf2 {[%emt 0:02:40]} Nf6 {[%emt 0:00:36]} 25. Qa3+ {[%emt 0:09:58]} 1/2-1/2

[Event "Groningen Festival 2019-A"]
[Site "Groningen"]
[Date "2019.12.30"]
[Round "9.3"]
[White "Davtyan, Artur"]
[Black "Ernst, Sipke"]
[Result "1-0"]
[WhiteElo "2437"]
[BlackElo "2541"]
[Annotator "ChessBase"]
[PlyCount "105"]
[EventDate "2019.12.15"]
[EventType "swiss"]
[EventCountry "NED"]
[SourceTitle "playchess.com"]
[Source "ChessBase"]
[SourceQuality "1"]
[TimeControl "40/5400+30:1800+30"]

1. d4 {[%emt 0:03:39]} f5 {[%emt 0:00:00]} 2. c4 {[%emt 0:01:02]} Nf6 {[%emt 0:03:34]} 3. Nc3 {[%emt 0:00:10]} e6 {[%emt 0:00:04]} 4. Nf3 {[%emt 0:00:18]} Bb4 {[%emt 0:01:08]} 5. Bd2 {[%emt 0:03:49]} O-O {[%emt 0:03:22]} 6. e3 {[%emt 0:00:35]} d6 {[%emt 0:07:02]} 7. Qc2 {[%emt 0:00:55]} Qe7 {[%emt 0:14:50]} 8. Bd3 {[%emt 0:02:49]} b6 {[%emt 0:05:22]} 9. d5 {[%emt 0:18:04]} g6 {[%emt 0:09:51]} 10. dxe6 {[%emt 0:05:32]} Bxe6 {[%emt 0:04:30]} 11. O-O {[%emt 0:06:52]} Bxc3 {[%emt 0:02:22]} 12. Bxc3 {[%emt 0:01:18]} Nbd7 {[%emt 0:00:04]} 13. b4 {[%emt 0:11:09]} c5 {[%emt 0:06:01]} 14. b5 {[%emt 0:02:13]} Ng4 {[%emt 0:00:30]} 15. Bb2 {[%emt 0:07:14]} h6 {[%emt 0:02:28]} 16. Rfd1 {[%emt 0:03:04]} a5 {[%emt 0:04:53]} 17. Rd2 {[%emt 0:00:39]} Rad8 {[%emt 0:01:16]} 18. Rad1 {[%emt 0:03:45]} Nde5 {[%emt 0:06:59]} 19. Be2 {[%emt 0:08:40]} Kh7 {[%emt 0:04:05]} 20. Nxe5 {[%emt 0:01:22]} Nxe5 {[%emt 0:00:25]} 21. Qc3 {[%emt 0:00:49]} Rg8 {[%emt 0:06:27]} 22. f4 {[%emt 0:00:47]} Nf7 {[%emt 0:00:06]} 23. Bf3 {[%emt 0:00:17]} Rde8 {[%emt 0:04:01]} 24. e4 {[%emt 0:05:36]} fxe4 {[%emt 0:04:31]} 25. Bxe4 {[%emt 0:00:03]} Bg4 {[%emt 0:00:03]} 26. Re1 {[%emt 0:00:40]} Qd7 {[%emt 0:03:00]} 27. Re3 {[%emt 0:02:56]} Bf5 {[%emt 0:01:27]} 28. Bxf5 {[%emt 0:07:55]} gxf5 {[%emt 0:00:09]} 29. Rde2 {[%emt 0:00:15]} Re4 {[%emt 0:01:37]} 30. Rxe4 {[%emt 0:00:35]} fxe4 {[%emt 0:00:02]} 31. Rxe4 {[%emt 0:00:08]} d5 {[%emt 0:00:02]} 32. cxd5 {[%emt 0:01:36]} Qxd5 {[%emt 0:00:03]} 33. Qc2 {[%emt 0:00:48]} Qf5 {[%emt 0:00:03]} 34. Qe2 {[%emt 0:00:51]} Rg4 {[%emt 0:04:00]} 35. Qf3 {[%emt 0:00:30]} Ng5 {[%emt 0:00:57]} 36. Re7+ {[%emt 0:00:25]} Kg6 {[%emt 0:00:01]} 37. Qc6+ {[%emt 0:00:33]} Kh5 {[%emt 0:00:02]} 38. Qe8+ {[%emt 0:00:11]} Kh4 {[%emt 0:00:05]} 39. g3+ {[%emt 0:00:15]} Rxg3+ {[%emt 0:00:02]} 40. hxg3+ {[%emt 0:00:04]} Kxg3 {[%emt 0:00:15]} 41. Re3+ {[%emt 0:19:52]} Nf3+ {[%emt 0:00:11]} 42. Rxf3+ {[%emt 0:00:28]} Kxf3 {[%emt 0:00:05]} 43. Qc6+ {[%emt 0:00:03]} Kxf4 {[%emt 0:11:40]} 44. Bc1+ {[%emt 0:09:03]} Ke5 {[%emt 0:00:23]} 45. Qxb6 {[%emt 0:00:51]} Qg4+ {[%emt 0:02:12]} 46. Kf2 {[%emt 0:00:06]} Qh4+ {[%emt 0:00:22]} 47. Ke2 {[%emt 0:00:07]} Qh2+ {[%emt 0:16:30]} 48. Kd1 {[%emt 0:00:22]} Kd4 {[%emt 0:00:02]} 49. Qxh6 {[%emt 0:00:44]} Qg1+ {[%emt 0:00:30]} 50. Kc2 {[%emt 0:00:05]} Kc4 {[%emt 0:00:03]} 51. Qe6+ {[%emt 0:00:38]} Kxb5 {[%emt 0:00:19]} 52. a4+ {[%emt 0:00:03]} Kxa4 {[%emt 0:00:05]} 53. Qb3# {[%emt 0:00:03]} 1-0

[Event "Groningen Festival 2019-A"]
[Site "Groningen"]
[Date "2019.12.30"]
[Round "9.4"]
[White "Fier, Alexandr"]
[Black "Ulybin, Mikhail"]
[Result "0-1"]
[WhiteElo "2528"]
[BlackElo "2453"]
[Annotator "ChessBase"]
[PlyCount "86"]
[EventDate "2019.12.15"]
[EventType "swiss"]
[EventCountry "NED"]
[SourceTitle "playchess.com"]
[Source "ChessBase"]
[SourceQuality "1"]
[TimeControl "40/5400+30:1800+30"]

1. Nf3 {[%emt 0:00:00]} Nf6 {[%emt 0:06:04]} 2. d4 {[%emt 0:04:32]} d5 {[%emt 0:03:32]} 3. c4 {[%emt 0:00:06]} c5 {[%emt 0:02:36]} 4. e3 {[%emt 0:01:41]} cxd4 {[%emt 0:09:10]} 5. exd4 {[%emt 0:00:04]} Nc6 {[%emt 0:01:02]} 6. Nc3 {[%emt 0:01:20]} Bg4 {[%emt 0:01:39]} 7. cxd5 {[%emt 0:06:29]} Nxd5 {[%emt 0:00:37]} 8. Qb3 {[%emt 0:00:09]} Bxf3 {[%emt 0:02:01]} 9. gxf3 {[%emt 0:00:35]} e6 {[%emt 0:03:09]} 10. Qxb7 {[%emt 0:00:04]} Nxd4 {[%emt 0:00:56]} 11. Bb5+ {[%emt 0:00:03]} Nxb5 {[%emt 0:00:19]} 12. Qc6+ {[%emt 0:00:03]} Ke7 {[%emt 0:00:25]} 13. Qxb5 {[%emt 0:00:04]} Qd7 {[%emt 0:03:09]} 14. Nxd5+ {[%emt 0:05:51]} Qxd5 {[%emt 0:01:05]} 15. Qxd5 {[%emt 0:00:02]} exd5 {[%emt 0:00:17]} 16. Bf4 {[%emt 0:00:02]} Ke6 {[%emt 0:29:45]} 17. O-O-O {[%emt 0:00:20]} Rd8 {[%emt 0:01:52]} 18. Rhe1+ {[%emt 0:01:13]} Kf5 {[%emt 0:01:09]} 19. Be3 {[%emt 0:01:21]} Rd7 {[%emt 0:10:09]} 20. a3 {[%emt 0:08:24]} Be7 {[%emt 0:02:41]} 21. Rd4 {[%emt 0:01:25]} Bc5 {[%emt 0:12:37]} 22. Rg4 {[%emt 0:05:08]} Bxe3+ {[%emt 0:01:09]} 23. fxe3 {[%emt 0:00:02]} Rc8+ {[%emt 0:01:54]} 24. Kb1 {[%emt 0:00:07]} f6 {[%emt 0:00:37]} 25. Rd1 {[%emt 0:00:02]} Rcc7 {[%emt 0:03:32]} 26. Rgd4 {[%emt 0:00:06]} Ke6 {[%emt 0:00:26]} 27. R4d3 {[%emt 0:02:14]} g5 {[%emt 0:00:24]} 28. b4 {[%emt 0:02:59]} h5 {[%emt 0:00:29]} 29. Kb2 {[%emt 0:00:32]} g4 {[%emt 0:00:50]} 30. Kb3 {[%emt 0:01:29]} f5 {[%emt 0:00:46]} 31. Rd4 {[%emt 0:00:49]} Rc4 {[%emt 0:00:29]} 32. b5 {[%emt 0:01:24]} gxf3 {[%emt 0:00:28]} 33. a4 {[%emt 0:01:10]} Ke5 {[%emt 0:00:30]} 34. R4d2 {[%emt 0:02:53]} Ke4 {[%emt 0:00:21]} 35. a5 {[%emt 0:00:01]} Kxe3 {[%emt 0:00:48]} 36. b6 {[%emt 0:01:14]} axb6 {[%emt 0:00:23]} 37. axb6 {[%emt 0:00:06]} Rc6 {[%emt 0:00:25]} 38. Rd3+ {[%emt 0:00:03]} Ke4 {[%emt 0:00:21]} 39. Rd4+ {[%emt 0:00:02]} Ke5 {[%emt 0:00:31]} 40. Rb4 {[%emt 0:00:14]} Rb7 {[%emt 0:00:29]} 41. Rb5 {[%emt 0:30:18]} Rcxb6 {[%emt 0:08:54]} 42. Rdxd5+ {[%emt 0:00:00]} Ke4 {[%emt 0:01:07]} 43. Re5+ {[%emt 0:00:00]} Kd3 {[%emt 0:00:38]} 0-1